000 00873nam a2200229Ii 4500
003 JO-AjNU
008 230605s9999||||xx |||||||||||||| ||und||
017 _a2009/14/1461
020 _a978-9957-07-659-7
040 _aJO-AjNU
_bara
_erda
_cJO-AjNU
041 _aara
050 1 4 _aHV1568 .S2722 2010
100 3 _aالسرطاوي، عبدالعزيز / م.مشارك: جميل الصمادي,
_eauthor
_942795
245 0 0 _aالإعاقات الجسمية و الصحية = Physical & Health Disabilities
250 _aط1
264 3 1 _aعمان: دار الفكر ناشرون وموزعون، 2010
300 _a383ص
_bيحتوي على ببلوغرافية من 382-383ص
336 _atext
_btxt
_2rdacontent
337 _aunmediated
_bn
_2rdamedia
338 _avolume
_bnc
_2rdacarrier
650 4 _aالخدمة الاجتماعية للمعوقين
_942796
999 _aA18351
_c21919
_d21919